书目信息 |
| 书名: | Ultrasound physics and instrumentation | |
| 作者: | Wayne R. Hedrick, David L. Hykes, Dale E. Starchman. | |
| 分册号: | ||
| 分册名: | 出版地: | St. Louis, Mo. : |
|
| 出版社: | Elsevier Mosby | |
| 出版时间: | 1995. | |
| 页数: | 382 p. : | |
| 开本: | 29 cm. | |
| 丛书名: | ||
| 中图分类号: | ||
| 科图分类号: | ||
| 其他分类号: | R445.1 | |
| 主题词: | ||
| 电子资源: | ||
| 000 | 01522cam a22004214a 450 | |
| 001 | E0737717508 | |
| 005 | 20070713103342.18 | |
| 008 | 041201s1995 a b 001 0 eng | |
| 010 | @a2004065560 | |
| 016 | 7 | @a101242977@2 DNLM |
| 020 | @a0323032125. | |
| 035 | @a(OCoLC)ocm57169962 | |
| 035 | @a(OCoLC)57169962 | |
| 040 | @aDLC@cDLC@dC#P@dCOU@dNLM@dOCL@dBAKER@dYDXCP@dDLC | |
| 042 | @apcc | |
| 050 | 00 | @aRC78.7.U4@bH95 2005 |
| 060 | 10 | @aQT 34@bH456u 2005 |
| 060 | 00 | @a2005 D-094 |
| 082 | 00 | @a616.07/543@2 22 |
| 090 | @aR445.1 | |
| 099 | @dR445.1@ex83=3 | |
| 100 | 1 | @aHedrick, Wayne R. |
| 245 | 10 | @aUltrasound physics and instrumentation / @cWayne R. Hedrick, David L. Hykes, Dale E. Starchman. |
| 250 | @a3rd ed. | |
| 260 | @aSt. Louis, Mo. :@bElsevier Mosby,@c1995. | |
| 300 | @a382 p. :@bill. (some col.) ;@c29 cm. | |
| 504 | @aIncludes bibliographical references and index. | |
| 650 | 12 | @aUltrasonics. |
| 650 | 0 | @aMedical physics. |
| 650 | 0 | @aDiagnosis, Ultrasonic@xInstruments. |
| 650 | 22 | @aUltrasonography@xinstrumentation. |
| 650 | 0 | @aUltrasonic imaging. |
| 650 | 22 | @aPhysics. |
| 700 | 1 | @aHykes, David L. |
| 700 | 1 | @aStarchman, Dale E. |
| 906 | @a7@bcbc@corignew@d1@eocip@f20@gy-gencatlg | |
| 925 | 0 | @aacquire@b1 shelf copy@xpolicy default, Sel/sdb, 2006-11-14 |
| 955 | @apc20 2004-12-01 to ASCD@cjc41 2004-12-02@djc02 2004-12-02;@ejc13 2004-12-02 to Dewey@aaa05 2004-12-03@aps04 2006-11-131 copy rec’d., to CIP ver.@fpv17 2006-11-22 Z-CipVer | |
| Ultrasound physics and instrumentation / / Wayne R. Hedrick, David L. Hykes, Dale E. Starchman.-3rd ed.-St. Louis, Mo. : : Elsevier Mosby, , 1995. |
| 382 p. : : ill. (some col.) ; ; 29 cm. |
| Includes bibliographical references and index. |
| ISBN 0323032125. |
| ● |
| 相关链接 |
|
|
|
|
正题名:Ultrasound physics and instrumentation
索取号:R445.1/x83=3
 
预约/预借
| 序号 | 登录号 | 条形码 | 馆藏地/架位号 | 状态 | 备注 |
| 1 | 12984 | 300129849 | 第二样本阅览室/ [索取号:R445.1/x83=3] | 在馆 | |
| 2 | 12985 | 300129858 | 第四借阅区/ [索取号:R445.1/x83=3] | 在馆 | |
| 3 | 12986 | 300129867 | 第四借阅区/ [索取号:R445.1/x83=3] | 在馆 |